| 000 | 00313nam a2200109 4500 | ||
|---|---|---|---|
| 999 |
_c13665 _d13665 |
||
| 008 | 190401b ||||| |||| 00| 0 eng d | ||
| 245 | _a'Duterte dictatorship' not to happen: concom member. | ||
| 260 |
_aDavao City: _bSun Star Davao; _cc2018 |
||
| 300 | _apage 6. | ||
| 650 | 0 |
_938033 _aLeadership. |
|
| 942 |
_2ddc _cPER |
||